Карта положения войск 8-й гвардейской армии 1-го Белорусского фронта к 18.00

RUSMARC
00005525cem0a2200373#x 450
001517610d7-e485-40a4-bd8c-63f1795cfc48
00520250310145938.0
100##$a20250310j19450312k###0rusy50 ca
1010#$arus
102##$aRU
120##$abyy##########
121##$aa##aаbb#a
1220#$ad19450312##
1231#$aa
$b50000
124##$bd
2001#$aКарта положения войск 8-й гвардейской армии 1-го Белорусского фронта к 18.00
$j12 марта 1945 г.
251##$cДокумент
300##$aПодлинник
300##$aМасштаб 1:50 000, 500 м в 1 см
461#0$12001
$aФ. 233
$1251
$cФонд
$1852
$j233
462#0$12001
$aОп. 2356
$1251
$cОпись
$1852
$j2356
462#0$12001
$aД. 583
$vЛ. 370
$1251
$cДело
$1852
$j583
60102$2nlr_sh
$3RU\NLR\AUTH\661538973
$aБелорусский фронт
$c1; 1944 - 1945
$jКарты
605##$2prlib_sh
$3LIBNET\UAF\0000088514
$aВторая мировая война в архивных документах (Комплекс оцифрованных архивных документов, кино- и фотоматериалов)
$lколлекция
6061#$2nlr_sh
$3RU\NLR\AUTH\661520861
$aВеликая Отечественная война
$z1941 - 1945
$zТретий период
$z1944 – 1945
$jКарты
6061#$2nlr_sh
$3RU\NLR\AUTH\661342670
$aВеликая Отечественная война
$z1941 - 1945
$xВоенные операции
$z1945
$jКарты
6061#$2nlr_sh
$3RU\NLR\AUTH\66178777
$aВосточно-Померанская операция
$z1945
$jКарты
608##$2prlib_sh
$3DITM\AF\0000000377
$aВоенно-исторические карты
686##$a63.3(2)622,13я64
$2rubbk
$vLBC/M
801#0$aRU
$bПБ им. Б.Н. Ельцина
$c20250310
801#1$aRU
$bПБ им. Б.Н. Ельцина
$c20250310
$2rusmarc
801#2$aRU
$bПБ им. Б.Н. Ельцина
$c20250310
$2rusmarc
850##$aЦентральный архив Министерства обороны Российской Федерации
852##$aЦА МО РФ
$jЛ. 370
035##$aLIBNET\0001459301
937##$d196201696
$hФедеральное архивное агентство
8564#$uhttp://readingroom.main.prlib.ru/item.aspx?id_node=n196201696&mode=full
Формат отображения